LDR 01353nam a2200277 i 4500 001 000000232892 003 CaOOAMICUS 005 20140908000000.0 008 140908s2009 it u000 u ita u 013 $a211795 020 $a978-88-215-6441-3 040 $aSeMil$bita 100 1 $aScognamiglio, Edoardo
.$0(OLS)http://semarc/name/89905 245 13$aIl mistero della pietà :$blectio divina sulla Prima lettera a Timoteo /$cEdoardo Scognamiglio. 260 $aCinisello Balsamo :$bSan Paolo,$c2009. 300 $a121 p. ;$c21 cm. 490 0 $aParola di Dio. 2. Serie ;$v30 650 4$aBibbia - NT - 1 Timoteo - Commentari, studi, critica, interpretazioni.$0(OLS)http://semarc/subject/5912 650 4$aBibbia. Nuovo Testamento. Lettere a Timoteo - Commentari, studi, critica, interpretazioni.$0(OLS)http://semarc/subject/12035 830 0$aParola di Dio. 2. serie ;$v30.$0(OLS)http://semarc/title/5940 850 $aSeMil 852 $aSeMil$W1$xVenegono$y1$m2V III 256$j183238$B183238$CSeMilBibl$Z2$F195215 $81 961 $aLascito: Serenthà don Mario 996 $6020$a978-88-215-6441-3$9(OLS)http://semarc/number/236652 996 $6245$aIl mistero della pietà :$blectio divina sulla Prima lettera a Timoteo$9(OLS)http://semarc/title/332303 996 $6260$aCinisello Balsamo :$bSan Paolo$9(OLS)http://semarc/publisher/30129